[Event "Anti Cheating Blitz Cup"]
[Site "Chess.com INT"]
[Date "2020.05.20"]
[Round "2"]
[White "Montani, Riccardo"]
[Black "Mastrolonardo, Francesco"]
[Result "0-1"]
[WhiteElo "1766"]
[BlackElo "2076"]
[PlyCount "50"]
[EventDate "2020.05.20"]
[EventType "swiss (blitz)"]
[EventRounds "11"]
[EventCountry "USA"]
[SourceTitle "CBM 196 Extra"]
[Source "ChessBase"]
[SourceDate "2020.07.31"]
[SourceVersion "1"]
[SourceVersionDate "2020.07.31"]
[SourceQuality "1"]

1. e4 c5 2. Nf3 Nc6 3. d4 cxd4 4. Nxd4 g6 5. c4 Nf6 6. Nc3 Nxd4 7. Qxd4 d6 8. Bg5 Bg7 9. Be2 0-0 10. Qd2 Nd7 11. 0-0 a5 12. Nd5 Re8 13. Rac1 Nc5 14. f3 Be6 15. a3 Nb3 16. Qd3 Nxc1 17. Rxc1 Bxd5 18. cxd5 Qb6+ 19. Be3 Qxb2 20. Rb1 Qc3 21. Qxc3 Bxc3 22. Rxb7 Rab8 23. Ra7 Rb1+ 24. Kf2 Be1+ 25. Kf1 Bg3+ 0-1

[Event "Imperia Savona Province-ch"]
[Site "Alassio"]
[Date "2016.01.17"]
[Round "4"]
[White "Montani, Riccardo"]
[Black "Scarrone, Eugenio"]
[Result "1-0"]
[WhiteElo "1870"]
[BlackElo "1421"]
[PlyCount "51"]
[EventDate "2016.01.15"]
[EventType "swiss"]
[EventRounds "5"]
[EventCountry "ITA"]
[SourceTitle "EXT 2018"]
[Source "ChessBase"]
[SourceDate "2017.10.13"]
[SourceVersion "1"]
[SourceVersionDate "2017.10.13"]
[SourceQuality "1"]

1. e4 e5 2. f4 d5 3. exd5 exf4 4. Bb5+ c6 5. dxc6 Nxc6 6. Nf3 Qb6 7. Nc3 Bg4 8. Nd5 Qa5 9. 0-0 0-0-0 10. Bxc6 Qb6+ 11. d4 Qxc6 12. Nxf4 g5 13. Ne2 Bxf3 14. Rxf3 g4 15. Rc3 Bc5 16. Be3 Qe6 17. Rxc5+ Kb8 18. Bf4+ Ka8 19. Nc3 Nf6 20. Nb5 Ne8 21. Qe1 Qf6 22. Bg5 Qb6 23. Bxd8 Qxd8 24. Qe5 a6 25. Qxh8 axb5 26. Rd1 1-0

[Event "EU Union-ch 6th"]
[Site "Arvier"]
[Date "2010.09.12"]
[Round "9"]
[White "Montani, Riccardo"]
[Black "Fox, Anthony"]
[Result "0-1"]
[WhiteElo "1893"]
[BlackElo "2130"]
[PlyCount "76"]
[EventDate "2010.09.04"]
[EventType "swiss"]
[EventRounds "9"]
[EventCountry "ITA"]
[SourceTitle "CBM 138 Extra"]
[Source "ChessBase"]
[SourceDate "2010.10.29"]
[SourceVersion "1"]
[SourceVersionDate "2010.10.29"]
[SourceQuality "1"]

1. e4 e5 2. Nf3 Nc6 3. d4 exd4 4. Bc4 Nf6 5. e5 d5 6. Bb5 Ne4 7. Nxd4 Bd7 8. Bxc6 bxc6 9. 0-0 Bc5 10. f3 Ng5 11. f4 Ne4 12. Be3 Qe7 13. Nd2 Nd6 14. Re1 Nf5 15. Nxf5 Bxf5 16. Nb3 Bb6 17. a4 a5 18. Nd4 Bxd4 19. Qxd4 0-0 20. Qc3 Qe6 21. h3 h5 22. Bc5 Rfe8 23. Re3 Qh6 24. Rf1 h4 25. Re2 Re6 26. Rff2 Rg6 27. Re3 Qh5 28. Rd2 Be4 29. Kf1 Qf5 30. Rf2 Rb8 31. b3 Rd8 32. Kg1 Kh7 33. Kf1 d4 34. Bxd4 Rd5 35. Kg1 c5 36. Bxc5 Rd1+ 37. Kh2 Qxf4+ 38. Rxf4 Rxg2# 0-1

[Event "EU Union-ch 6th"]
[Site "Arvier"]
[Date "2010.09.11"]
[Round "8"]
[White "Renzini, Lorenzo"]
[Black "Montani, Riccardo"]
[Result "0-1"]
[WhiteElo "1751"]
[BlackElo "1893"]
[PlyCount "77"]
[EventDate "2010.09.04"]
[EventType "swiss"]
[EventRounds "9"]
[EventCountry "ITA"]
[SourceTitle "CBM 138 Extra"]
[Source "ChessBase"]
[SourceDate "2010.10.29"]
[SourceVersion "1"]
[SourceVersionDate "2010.10.29"]
[SourceQuality "1"]

1. c4 c5 2. g3 Nc6 3. Bg2 g6 4. Nc3 Bg7 5. Nf3 e6 6. e3 Nge7 7. 0-0 Nf5 8. Rb1 d5 9. cxd5 exd5 10. d3 0-0 11. Ne2 d4 12. e4 Nfe7 13. Bf4 Kh8 14. Qc1 b6 15. Bh6 Nb4 16. Bxg7+ Kxg7 17. Ne1 Nxa2 18. Qf4 Bb7 19. Nf3 Nc6 20. h4 Qf6 21. Qd2 Nab4 22. Nh2 h5 23. Nf3 Ne5 24. Ne1 Rab8 25. Nxd4 Nexd3 26. e5 Nxe5 27. Nb5 Bxg2 28. Kxg2 Qc6+ 29. f3 Qxb5 30. Qc3 f6 31. Qe3 Rbd8 32. Kg1 Rfe8 33. Ra1 Qd7 34. Qa3 Qd4+ 35. Kh1 Nbc6 36. Nc2 Qb4 37. Qxb4 Nxb4 38. Rab1 Rd2 39. Kg1 0-1

[Event "EU Union-ch 6th"]
[Site "Arvier"]
[Date "2010.09.09"]
[Round "6"]
[White "Schmid, Pablo"]
[Black "Montani, Riccardo"]
[Result "1-0"]
[WhiteElo "2087"]
[BlackElo "1893"]
[PlyCount "79"]
[EventDate "2010.09.04"]
[EventType "swiss"]
[EventRounds "9"]
[EventCountry "ITA"]
[SourceTitle "CBM 138 Extra"]
[Source "ChessBase"]
[SourceDate "2010.10.29"]
[SourceVersion "1"]
[SourceVersionDate "2010.10.29"]
[SourceQuality "1"]

1. e4 c5 2. Nf3 d6 3. d4 cxd4 4. Nxd4 Nf6 5. Nc3 g6 6. Bc4 Bg7 7. 0-0 Nc6 8. Bb3 0-0 9. h3 Bd7 10. Re1 Nxd4 11. Qxd4 b5 12. a3 a5 13. Qd3 Rb8 14. Bg5 Re8 15. Ne2 Be6 16. Bxe6 fxe6 17. Qb3 Qc8 18. Nf4 Qc4 19. Nxe6 Qxb3 20. cxb3 Nd7 21. Nxg7 Kxg7 22. Bd2 Nc5 23. Bxa5 Nxb3 24. Bc3+ Kf7 25. Rad1 Rec8 26. e5 dxe5 27. Rxe5 Rc5 28. Re3 Rb7 29. Rde1 Rcc7 30. Be5 Rc1 31. Rxc1 Nxc1 32. Kf1 Rd7 33. Ke1 Nd3+ 34. Ke2 Nxe5 35. Rxe5 Rb7 36. Kd2 b4 37. a4 Rd7+ 38. Kc2 b3+ 39. Kxb3 Rd2 40. Re3 1-0

[Event "Arvier op"]
[Site "Arvier"]
[Date "2010.07.05"]
[Round "4"]
[White "Dritsakos, Alessio"]
[Black "Montani, Riccardo"]
[Result "1-0"]
[WhiteElo "1942"]
[BlackElo "1873"]
[PlyCount "69"]
[EventDate "2010.07.03"]
[EventType "swiss"]
[EventRounds "9"]
[EventCountry "ITA"]
[SourceTitle "CBM 137 Extra"]
[Source "ChessBase"]
[SourceDate "2010.09.01"]
[SourceVersion "1"]
[SourceVersionDate "2010.09.01"]
[SourceQuality "1"]

1. e4 c5 2. Nc3 Nc6 3. g3 g6 4. Bg2 Rb8 5. d3 b5 6. Bf4 d6 7. a3 Bg7 8. Qd2 e6 9. Nge2 b4 10. axb4 Rxb4 11. b3 h5 12. h4 Nge7 13. 0-0 d5 14. Ra3 d4 15. Na4 e5 16. Nxc5 exf4 17. Nxf4 Qd6 18. Na4 Bh6 19. Rfa1 Rb8 20. Nb2 Bxf4 21. gxf4 Qf6 22. Nc4 Qxh4 23. Nd6+ Kf8 24. b4 Qg4 25. b5 Qe6 26. Nxc8 Rxc8 27. bxc6 h4 28. Qb4 h3 29. Bf3 h2+ 30. Kh1 Rxc6 31. Rxa7 Qf6 32. Rxe7 Rb6 33. Re6+ Rxb4 34. Rxf6 Rb2 35. Rc6 1-0